[Event "Sentjur Ipavec Memorial-A 12th"]
[Site "Sentjur"]
[Date "2011.09.21"]
[Round "9"]
[White "Pahole, Samanta"]
[Black "Petauer, Janez"]
[Result "1-0"]
[WhiteElo "1562"]
[BlackElo "1577"]
[PlyCount "71"]
[EventDate "2011.09.14"]
[EventType "swiss"]
[EventRounds "9"]
[EventCountry "SLO"]
[SourceTitle "EXT 2024"]
[Source "ChessBase"]
[SourceDate "2023.10.10"]
[SourceVersion "1"]
[SourceVersionDate "2023.10.10"]
[SourceQuality "1"]

1. Nf3 Nf6 2. g3 g6 3. Bg2 Bg7 4. 0-0 0-0 5. Re1 d5 6. d4 c6 7. c3 Re8 8. Nbd2 Bf5 9. Nh4 Bc8 10. e4 e6 11. e5 Nfd7 12. Nb3 Na6 13. Be3 b6 14. Bf1 Qe7 15. Qd2 c5 16. Nf3 cxd4 17. cxd4 Bb7 18. Bb5 Bc8 19. a3 Nc7 20. Bc6 Rb8 21. Rac1 Na8 22. Bg5 Qf8 23. h3 h6 24. Be3 Kh7 25. Nh2 h5 26. g4 Bh6 27. gxh5 gxh5 28. Nf3 Qg7+ 29. Kh1 Bxe3 30. Qxe3 Rg8 31. Rg1 Qf8 32. Rxg8 Qxg8 33. Rg1 Qf8 34. Qg5 f6 35. Qxh5+ Qh6 36. Qf7+ 1-0

[Event "Ptuj op"]
[Site "Ptuj"]
[Date "2008.08.12"]
[Round "5"]
[White "Kunej, Timon"]
[Black "Pahole, Samanta"]
[Result "0-1"]
[WhiteElo "1599"]
[BlackElo "1604"]
[PlyCount "77"]
[EventDate "2008.08.09"]
[EventType "swiss"]
[EventRounds "9"]
[EventCountry "SLO"]
[SourceTitle "CBM 125 Extra"]
[Source "ChessBase"]
[SourceDate "2008.09.01"]
[SourceVersion "1"]
[SourceVersionDate "2008.09.01"]
[SourceQuality "1"]

1. c4 Nf6 2. d4 b6 3. Nc3 Bb7 4. Bg5 d5 5. e3 Nbd7 6. b4 h6 7. Bh4 g5 8. Bg3 c5 9. bxc5 bxc5 10. cxd5 Nxd5 11. Nxd5 Qa5+ 12. Qd2 Qxd2+ 13. Kxd2 Bxd5 14. dxc5 Nxc5 15. Bb5+ Kd8 16. f3 Ne6 17. a4 a6 18. Be2 Nc5 19. Rb1 Nxa4 20. Ra1 Bc6 21. Nh3 Bg7 22. Ra2 e6 23. Rc1 Bd7 24. Rc7 Nb6 25. Rxa6 Rxa6 26. Bxa6 Nd5 27. Rb7 Ke7 28. e4 Nf6 29. Bb5 Rd8 30. Bc7 Ra8 31. Bb6 Ke8 32. Bxd7+ Nxd7 33. Bf2 Ra2+ 34. Ke1 Ra1+ 35. Ke2 Ra2+ 36. Ke3 Ne5 37. Rb8+ Ke7 38. f4 gxf4+ 39. Nxf4 0-1

[Event "SLO-ch qual"]
[Site "Sentjur"]
[Date "2008.07.05"]
[Round "4"]
[White "Pahole, Samanta"]
[Black "Nadvesnik, Maja"]
[Result "0-1"]
[WhiteElo "1604"]
[BlackElo "1841"]
[PlyCount "50"]
[EventDate "2008.07.03"]
[EventType "swiss"]
[EventRounds "9"]
[EventCountry "SLO"]
[SourceTitle "EXT 2010"]
[Source "ChessBase"]
[SourceDate "2010.11.25"]
[SourceVersion "1"]
[SourceVersionDate "2010.11.25"]
[SourceQuality "1"]

1. Nf3 g6 2. g3 Bg7 3. Bg2 e5 4. e4 Nc6 5. Nc3 d6 6. h3 f5 7. d3 Nf6 8. Nh2 0-0 9. exf5 Bxf5 10. h4 Qd7 11. Nd5 Ng4 12. Ne3 Nxf2 13. Kxf2 Bg4+ 14. Bf3 Bxf3 15. Nxf3 Nd4 16. Kg2 Nxf3 17. c3 Qc6 18. Kh3 Rf7 19. Qb3 Raf8 20. Rd1 Kh8 21. a4 Qd7+ 22. Kg2 Nxh4+ 23. gxh4 Rf2+ 24. Kg1 Qh3 25. Qd5 Qh2# 0-1

[Event "SLO-ch U14 Girls"]
[Site "Postojna"]
[Date "2008.02.29"]
[Round "8"]
[White "Pahole, Samanta"]
[Black "Kuk, Nika"]
[Result "1/2-1/2"]
[WhiteElo "1529"]
[BlackElo "1637"]
[PlyCount "38"]
[EventDate "2008.02.24"]
[EventType "swiss"]
[EventRounds "9"]
[EventCountry "SLO"]
[SourceTitle "EXT 2010"]
[Source "ChessBase"]
[SourceDate "2010.11.25"]
[SourceVersion "1"]
[SourceVersionDate "2010.11.25"]
[SourceQuality "1"]

1. Nf3 d5 2. g3 Nf6 3. Bg2 g6 4. 0-0 Bg7 5. d3 0-0 6. Nbd2 Re8 7. Re1 e5 8. e4 d4 9. Nc4 Nbd7 10. a4 c5 11. Bd2 b6 12. c3 Qc7 13. Qb3 Ba6 14. Ng5 Bxc4 15. Qxc4 Rf8 16. cxd4 h6 17. Nf3 exd4 18. Nxd4 Ne8 19. Nb5 Qd8 1/2-1/2

[Event "SLO-ch U14 Girls"]
[Site "Postojna"]
[Date "2008.02.28"]
[Round "7"]
[White "Hervolj, Manca"]
[Black "Pahole, Samanta"]
[Result "1/2-1/2"]
[WhiteElo "1517"]
[BlackElo "1529"]
[PlyCount "33"]
[EventDate "2008.02.24"]
[EventType "swiss"]
[EventRounds "9"]
[EventCountry "SLO"]
[SourceTitle "EXT 2010"]
[Source "ChessBase"]
[SourceDate "2010.11.25"]
[SourceVersion "1"]
[SourceVersionDate "2010.11.25"]
[SourceQuality "1"]

1. e4 e5 2. Nf3 Nf6 3. Nc3 Bb4 4. Bb5 c6 5. Ba4 Qa5 6. Bb3 Bxc3 7. dxc3 Nxe4 8. Qe2 Nxc3 9. Qxe5+ Qxe5+ 10. Nxe5 Nd5 11. Bxd5 cxd5 12. 0-0 0-0 13. Rd1 d6 14. Nf3 Be6 15. Nd4 a6 16. c3 h6 17. Re1 1/2-1/2

[Event "SLO-ch qual"]
[Site "Ljubljana"]
[Date "2007.07.13"]
[Round "6"]
[White "Bucan, Luka"]
[Black "Pahole, Samanta"]
[Result "0-1"]
[WhiteElo "1500"]
[BlackElo "1544"]
[PlyCount "51"]
[EventDate "2007.07.05"]
[EventType "swiss"]
[EventRounds "9"]
[EventCountry "SLO"]
[SourceTitle "EXT 2010"]
[Source "ChessBase"]
[SourceDate "2010.11.25"]
[SourceVersion "1"]
[SourceVersionDate "2010.11.25"]
[SourceQuality "1"]

1. d4 d5 2. c4 Nf6 3. Nf3 Nc6 4. b3 Bf5 5. g3 Qd6 6. Nc3 a6 7. Bg2 e6 8. Bf4 Qb4 9. Bd2 Qd6 10. c5 Qd7 11. Bf4 0-0-0 12. Ne5 Qe8 13. Nxc6 Qxc6 14. 0-0 b6 15. b4 Be7 16. a4 b5 17. axb5 axb5 18. Ra5 Qb7 19. Rxb5 Qc6 20. Ra5 Qd7 21. b5 c6 22. Ra8+ Kb7 23. Qa4 Rxa8 24. bxc6+ Qxc6 25. Rb1+ Bxb1 26. Nxb1 0-1

[Event "SLO-ch qual"]
[Site "Ljubljana"]
[Date "2007.07.13"]
[Round "7"]
[White "Pahole, Samanta"]
[Black "Volcansek, Joze"]
[Result "0-1"]
[WhiteElo "1544"]
[BlackElo "1850"]
[PlyCount "104"]
[EventDate "2007.07.05"]
[EventType "swiss"]
[EventRounds "9"]
[EventCountry "SLO"]
[SourceTitle "EXT 2010"]
[Source "ChessBase"]
[SourceDate "2010.11.25"]
[SourceVersion "1"]
[SourceVersionDate "2010.11.25"]
[SourceQuality "1"]

1. e4 e6 2. Nf3 b6 3. Nc3 Bb7 4. Bc4 Nc6 5. 0-0 Na5 6. d3 Nxc4 7. dxc4 d6 8. Be3 Nf6 9. h3 Nxe4 10. Nxe4 Bxe4 11. c3 Bc6 12. Re1 Be7 13. Nd4 Bd7 14. Qf3 0-0 15. Nc6 Bxc6 16. Qxc6 Rc8 17. Rad1 Qe8 18. Qb7 a5 19. Qf3 e5 20. Qg3 f5 21. Qf3 Qf7 22. Qc6 f4 23. Bc1 Qg6 24. f3 Qf7 25. b4 axb4 26. cxb4 Bf6 27. a4 Qe8 28. Qxe8 Rfxe8 29. a5 bxa5 30. bxa5 Ra8 31. Bd2 Ra6 32. Rb1 Rea8 33. Rb7 R8a7 34. Reb1 Kf7 35. Rxa7 Rxa7 36. Ra1 Ra6 37. Rb1 Ra7 38. Ra1 e4 39. Ra4 e3 40. Be1 Ra6 41. Kf1 Bd4 42. Ra3 Ke6 43. Rb3 c6 44. Rb7 Ra7 45. Rb1 d5 46. cxd5+ Kxd5 47. Ke2 c5 48. Rb8 Kc4 49. Rf8 Rb7 50. Re8 Rb2+ 51. Kd1 Ra2 52. Re4 Kd3 0-1

[Event "SLO-ch U12 Girls"]
[Site "Murska Sobota"]
[Date "2007.03.02"]
[Round "9"]
[White "Veliscek, Iza"]
[Black "Pahole, Samanta"]
[Result "1/2-1/2"]
[WhiteElo "1500"]
[BlackElo "1500"]
[PlyCount "39"]
[EventDate "2007.02.25"]
[EventType "swiss"]
[EventRounds "9"]
[EventCountry "SLO"]
[SourceTitle "CBM 117 Extra"]
[Source "ChessBase"]
[SourceDate "2007.05.09"]
[SourceVersion "1"]
[SourceVersionDate "2007.05.09"]
[SourceQuality "1"]

1. e4 e5 2. Nf3 Nc6 3. Nc3 Nf6 4. d4 exd4 5. Nxd4 Bb4 6. Bg5 h6 7. Bxf6 Qxf6 8. Nf3 0-0 9. Qd2 Re8 10. Bd3 a6 11. 0-0 d6 12. h3 Ne5 13. Nxe5 Qxe5 14. a3 Ba5 15. b4 Bb6 16. Rab1 c6 17. Rfe1 Bd4 18. Ne2 Bb6 19. Nc3 Qf6 20. Re2 1/2-1/2

[Event "SLO-ch U12 Girls"]
[Site "Murska Sobota"]
[Date "2007.02.28"]
[Round "6"]
[White "Bojc, Dasa"]
[Black "Pahole, Samanta"]
[Result "1-0"]
[WhiteElo "1610"]
[BlackElo "1500"]
[PlyCount "101"]
[EventDate "2007.02.25"]
[EventType "swiss"]
[EventRounds "9"]
[EventCountry "SLO"]
[SourceTitle "CBM 117 Extra"]
[Source "ChessBase"]
[SourceDate "2007.05.09"]
[SourceVersion "1"]
[SourceVersionDate "2007.05.09"]
[SourceQuality "1"]

1. c4 Nf6 2. Nc3 e6 3. g3 d5 4. Bg2 dxc4 5. Qa4+ Bd7 6. Qxc4 Bc6 7. Bxc6+ Nxc6 8. Nf3 Qd7 9. d3 0-0-0 10. Be3 e5 11. 0-0-0 h6 12. d4 e4 13. Ne5 Na5 14. Qxf7 Qe8 15. Qxe8 Rxe8 16. Bd2 Bb4 17. Rhf1 Nd7 18. Nxd7 Kxd7 19. e3 Nc4 20. Nxe4 Bxd2+ 21. Nxd2 Nxd2 22. Kxd2 Re6 23. Rc1 Rf8 24. Rc2 b6 25. Kd3 Rd6 26. Ke2 g5 27. Rfc1 Rc8 28. h3 h5 29. f3 Rg6 30. e4 g4 31. h4 Rd6 32. d5 c5 33. dxc6+ Rcxc6 34. Rxc6 Rxc6 35. Rxc6 Kxc6 36. fxg4 hxg4 37. Kd3 a5 38. Kd4 Kd6 39. h5 Ke7 40. Ke5 Kf7 41. Kd6 Kf6 42. e5+ Kf7 43. Kd7 Kg7 44. e6 Kh6 45. e7 Kxh5 46. e8Q+ Kg5 47. Qf8 Kg6 48. Ke6 Kh5 49. Qg8 Kh6 50. Kf6 Kh5 51. Qg5# 1-0